[Event "AUTO-OPEN-3327"]
[Site "http://www.queenalice.com/game.php?id=1308121"]
[Date "2014.9.13"]
[Round "1"]
[White "Rafale2000"]
[Black "tiagopalma"]
[Result "0-1"]
[WhiteElo "2003"]
[BlackElo "1776"]

1. d4 d5 2. Nc3 Nc6 3. Bf4 e6 4. Nb5 Bd6 5. Nxd6+ cxd6 6. e3 e5 7. Bg3 Qa5+ 8.
c3 Nf6 9. Nf3 e4 10. Nd2 Bg4 11. Be2 Rd8 12. Bxg4 Qb5 13. b3 O-O 14. Be2 Qa5 15.
b4 Qc7 16. f3 Ne7 17. fxe4 dxe4 18. Qb3 Ned5 19. Nxe4 Nxe4 20. Qxd5 Qxc3+ 21.
Kf1 Qxa1+ 22. Be1 Rfe8 23. g4 Nc3 24. Qxb7 Rxe3 25. Qc7 Rde8 26. Qc4 Rxe2 27.
Qxc3 Rxe1+ 28. Qxe1 Qxe1+ 29. Kg2 Re2+ 30. Kf3 Re3+ 31. Kf4 Re4+ 32. Kf5 Qxh1
0-1

[Event "AUTO-OPEN-3370"]
[Site "http://www.queenalice.com/game.php?id=1318951"]
[Date "2014.10.29"]
[Round "1"]
[White "HakunaMatata"]
[Black "tiagopalma"]
[Result "1-0"]
[WhiteElo "2135"]
[BlackElo "1821"]

1. e4 e5 2. d4 exd4 3. Nf3 Bb4+ 4. c3 dxc3 5. Nxc3 a6 6. Bc4 f6 7. Qb3 Qe7 8.
Bxg8 Nc6 9. Bd5 Na5 10. Qc2 c6 11. Bb3 b6 12. O-O Bb7 13. a3 Bd6 14. Be3 Bc7 15.
Ba2 O-O-O 16. b4 Qd6 17. bxa5 Qxa3 18. axb6 Bxb6 19. Bxb6 Rdf8 20. Qb3 Qxb3 21.
Bxb3 g5 22. Bc4 h5 23. Bxa6 h4 24. Bxb7+ Kxb7 25. Rfb1 d6 26. Bd8+ Kc8 27. Ra8+
Kd7 28. Rb7+ Ke6 29. Re7# 1-0

[Event "AUTO-OPEN-3370"]
[Site "http://www.queenalice.com/game.php?id=1318952"]
[Date "2014.10.29"]
[Round "1"]
[White "tiagopalma"]
[Black "HakunaMatata"]
[Result "0-1"]
[WhiteElo "1670"]
[BlackElo "2125"]

1. e4 e6 2. e5 d5 3. d4 c5 4. Nf3 Nc6 5. c3 Nh6 6. h3 cxd4 7. cxd4 Qb6 8. a3 Nf5
9. Be3 Qxb2 10. Nbd2 Bxa3 11. Rb1 Qc3 12. Rb3 Qc1 13. Be2 Qxd1+ 14. Bxd1 Bb4 15.
Bf4 Bxd2+ 16. Bxd2 Nfxd4 17. Nxd4 Nxd4 18. Rb4 Nc6 19. Ba4 O-O 20. Rh4 Nxe5 21.
O-O Bd7 22. Bc2 Ng6 23. Rb4 b5 24. Re1 a5 25. Rb2 a4 26. Bb4 Rfc8 27. Bd3 Re8
28. Bd6 f6 29. Bxb5 Bxb5 0-1

[Event "AUTO-OPEN-3370"]
[Site "http://www.queenalice.com/game.php?id=1318977"]
[Date "2014.10.29"]
[Round "1"]
[White "tiagopalma"]
[Black "Rutty"]
[Result "0-1"]
[WhiteElo "1808"]
[BlackElo "1972"]

1. e4 e5 2. Nf3 Nc6 3. c3 Nf6 4. Qc2 g6 5. d4 d6 6. Bc4 exd4 7. cxd4 Bg7 8. d5
Ne5 9. Nxe5 dxe5 10. Nd2 O-O 11. Nf3 Qe7 12. h3 Bd7 13. O-O c6 14. Bg5 Rac8 15.
Qb3 cxd5 16. Bxd5 Bc6 17. Rfe1 h6 18. Bc1 Bxd5 19. exd5 e4 20. Nh4 Kh7 21. Be3
b6 22. Bd2 Qd7 23. Rad1 g5 0-1

[Event "AUTO-OPEN-3370"]
[Site "http://www.queenalice.com/game.php?id=1318978"]
[Date "2014.10.29"]
[Round "1"]
[White "Rutty"]
[Black "tiagopalma"]
[Result "1-0"]
[WhiteElo "1962"]
[BlackElo "1818"]

1. d4 d5 2. c4 e6 3. e3 c5 4. Nf3 f6 5. Nc3 a6 6. dxc5 Bxc5 7. cxd5 Bb4 8. Qa4+
b5 9. Qxb4 exd5 10. Bd2 Ne7 11. Bd3 Nbc6 12. Qc5 O-O 13. O-O Bb7 14. Rac1 Rc8
15. e4 d4 16. Nd5 Ne5 17. Nxe7+ Kh8 18. Nxc8 Nxd3 19. Qxd4 Nxc1 20. Rxc1 Bxc8
21. Qxd8 Rxd8 22. h3 Bb7 23. Ba5 Re8 24. Nd2 1-0

[Event "AUTO-ADV-3274"]
[Site "http://www.queenalice.com/game.php?id=1319051"]
[Date "2014.10.29"]
[Round "1"]
[White "tiagopalma"]
[Black "Edmorf"]
[Result "0-1"]
[WhiteElo "1710"]
[BlackElo "1833"]

1. e4 e5 2. a3 Nf6 3. Nc3 d5 4. d4 Nc6 5. dxe5 Nxe5 6. exd5 Bd6 7. Be2 O-O 8.
Nf3 Nxf3+ 9. Bxf3 Re8+ 10. Be3 Bc5 11. Qd2 Bxe3 12. fxe3 Qd6 13. O-O-O Bf5 14.
h3 Rad8 15. g4 Bd7 16. g5 Nxd5 17. Nxd5 c6 18. Nf4 Qc5 19. e4 Qc4 20. b3 Qc5 21.
Bg4 Qxa3+ 22. Kb1 Bxg4 0-1

[Event "AUTO-ADV-3274"]
[Site "http://www.queenalice.com/game.php?id=1319052"]
[Date "2014.10.29"]
[Round "1"]
[White "Edmorf"]
[Black "tiagopalma"]
[Result "1-0"]
[WhiteElo "1821"]
[BlackElo "1722"]

1. d4 c6 2. c4 d5 3. c5 b6 4. Qc2 Nd7 5. b4 e5 6. e4 bxc5 7. bxc5 exd4 8. Nf3
dxe4 9. Qxe4+ Ne7 10. Qxd4 Nd5 11. Ba3 Qa5+ 12. Nfd2 N5f6 13. Be2 Bxc5 14. Bxc5
Nxc5 15. O-O O-O 16. Nc3 Bb7 17. Rfe1 Rad8 18. Qe3 Rfe8 19. Qf3 Rxd2 20. Rac1
Ba6 21. Bxa6 Qxa6 22. Rxe8+ Nxe8 23. Ne4 1-0

[Event "AUTO-ADV-3274"]
[Site "http://www.queenalice.com/game.php?id=1319053"]
[Date "2014.10.29"]
[Round "1"]
[White "tiagopalma"]
[Black "biskydad"]
[Result "0-1"]
[WhiteElo "1753"]
[BlackElo "1745"]

1. e4 c5 2. e5 Nc6 3. Nf3 e6 4. c3 d5 5. d4 cxd4 6. cxd4 Bb4+ 7. Bd2 a5 8. Bb5
Bxd2+ 9. Nbxd2 Ne7 10. Ng5 h6 11. Ngf3 O-O 12. Nb3 Qb6 13. Qe2 a4 14. Nc5 Qa5+
15. Kf1 b6 16. Bxc6 Nxc6 17. Nd3 Ba6 18. g3 Nb4 19. Nfe1 Nc6 20. Nc2 b5 21. b4
axb3 22. axb3 Qb6 23. Qe3 b4 0-1

[Event "AUTO-ADV-3274"]
[Site "http://www.queenalice.com/game.php?id=1319054"]
[Date "2014.10.29"]
[Round "1"]
[White "biskydad"]
[Black "tiagopalma"]
[Result "1-0"]
[WhiteElo "1761"]
[BlackElo "1737"]

1. d4 d5 2. c4 e6 3. Nc3 b6 4. e4 c6 5. e5 h6 6. a3 g6 7. cxd5 cxd5 8. Bb5+ Bd7
9. Nge2 a6 10. Bxd7+ Qxd7 11. O-O Bg7 12. b4 Ne7 13. a4 a5 14. bxa5 Rxa5 15. Bd2
O-O 16. Nb5 Ra8 17. Nd6 Nbc6 18. f4 Nf5 19. Nb5 f6 20. g4 Nfxd4 21. Nexd4 fxe5
22. fxe5 Nxe5 23. Qe2 1-0

[Event "AUTO-ADV-3274"]
[Site "http://www.queenalice.com/game.php?id=1319055"]
[Date "2014.10.29"]
[Round "1"]
[White "tiagopalma"]
[Black "bouley"]
[Result "0-1"]
[WhiteElo "1761"]
[BlackElo "2059"]

1. e4 Nc6 2. d4 d5 3. e5 Bf5 4. Bd3 Bxd3 5. Qxd3 e6 6. a3 f6 7. Nf3 fxe5 8. dxe5
Qd7 9. c3 O-O-O 10. O-O h6 11. b4 Kb8 12. a4 a6 13. a5 Nge7 14. b5 axb5 15. a6
Na7 16. axb7 Nf5 17. g4 Ne7 18. Be3 Nec6 19. Bxa7+ Nxa7 20. Qd4 c5 21. Qe3 Qxb7
22. Nbd2 Be7 23. Nb3 Rc8 24. Rfd1 Qb6 25. Nh4 Bxh4 26. Rd2 Rhf8 27. Rda2 Bg5 28.
Qe1 Nc6 29. c4 Nb4 30. Ra8+ Kb7 0-1

[Event "AUTO-ADV-3274"]
[Site "http://www.queenalice.com/game.php?id=1319056"]
[Date "2014.10.29"]
[Round "1"]
[White "bouley"]
[Black "tiagopalma"]
[Result "1-0"]
[WhiteElo "2063"]
[BlackElo "1757"]

1. e4 e5 2. Bc4 Nf6 3. d3 d5 4. exd5 Nxd5 5. Nf3 Nc6 6. O-O Nf6 7. Ng5 Be6 8.
Bxe6 fxe6 9. Nxe6 Qd6 10. Nxf8 Rxf8 11. Nc3 a6 12. Qe2 O-O-O 13. Bg5 h6 14. Bxf6
Rxf6 15. Ne4 Qd5 16. Nxf6 gxf6 17. Qh5 Kb8 18. Qxh6 f5 19. Rfe1 Nd4 20. c4 Qd6
21. Qxd6 cxd6 22. Rac1 Rg8 23. Kh1 b6 24. b4 Ne6 25. g3 f4 26. Rg1 Nd4 27. gxf4
Rf8 28. Rg6 Ne2 29. Re1 Nxf4 30. Rxd6 1-0